Celebrity Christmas TV Variety Specials Quiz Stats

 Plays Quiz Updated Dec 22, 2017

Score 0/25 Timer 08:00
2 Plays Today
% Correct
Mariah Carey
94.6%
Dolly Parton
91.6%
Donny and Marie
87.5%
Bill Murray
86.9%
Johnny Cash
83.5%
John Denver
81.8%
Bing Crosby
80.3%
Pee-wee Herman
78.7%
Dean Martin
78.2%
Bob Hope
77.2%
Michael Bublé
74.7%
The Carpenters
71.6%
Captain and Tennille
70.8%
% Correct
Gwen Stefani
70.2%
George Burns
69.6%
Julie Andrews
68.4%
Stephen Colbert
68.2%
Judy Garland
64.7%
Vanessa Williams
64.2%
RuPaul
58.1%
Harry Connick Jr.
47%
Andy Williams
46.1%
Perry Como
40.1%
Luther Vandross
32.9%
Dave Foley
26.4%

You're not logged in!

Compare scores with friends on all Sporcle quizzes.
Join for Free
OR
Log In

You Might Also Like...

Show Comments

Extras

Top Quizzes Today


Score Distribution

Your Account Isn't Verified!

In order to create a playlist on Sporcle, you need to verify the email address you used during registration. Go to your Sporcle Settings to finish the process.

Report this User

Report this user for behavior that violates our Community Guidelines.

Details: